Cơ học chất lỏng

Shranjeno v:
Bibliografske podrobnosti
Glavni avtor: Trần, Văn Cúc
Format: Knjiga
Jezik:Undetermined
Izdano: H. Đại học Quốc gia Hà Nội 2004
Teme:
Online dostop:http://lrc.tdmu.edu.vn/opac/search/detail.asp?aID=2&ID=4093
Oznake: Označite
Brez oznak, prvi označite!
Thư viện lưu trữ: Trung tâm Học liệu Trường Đại học Thủ Dầu Một
LEADER 00588nam a2200193Ia 4500
001 TDMU_4093
008 210410s9999 xx 000 0 und d
082 |a 532 
090 |b T685 
100 |a Trần, Văn Cúc 
245 0 |a Cơ học chất lỏng 
245 0 |c Trần Văn Cúc 
260 |a H. 
260 |b Đại học Quốc gia Hà Nội 
260 |c 2004 
300 |a 220tr. 
650 |a Cơ học chất lỏng 
856 |u http://lrc.tdmu.edu.vn/opac/search/detail.asp?aID=2&ID=4093 
980 |a Trung tâm Học liệu Trường Đại học Thủ Dầu Một